Над бездной. ФСБ против МИ-6 (Запись № 12799446)

Подробности
000 -МАРКЕР
контрольное поле 03234nam0a2200397 4500
001 - ИДЕНТИФИКАТОР ЗАПИСИ
контрольное поле RU\NLR\BIBL_A\016241710
005 - ИДЕНТИФИКАТОР ВЕРСИИ
контрольное поле 20230228085039.0
010 ## - МЕЖДУНАРОДНЫЙ СТАНДАРТНЫЙ НОМЕР КНИГИ (ISBN)
Номер (ISBN) 978-5-00170-683-0
Тираж 500
021 ## - НОМЕР ГОСУДАРСТВЕННОЙ РЕГИСТРАЦИИ
Код страны Российская Федерация
Номер КН-П-22-084508
Номер Листа государственной регистраци КН-П-22-7459
035 ## - ДРУГИЕ СИСТЕМНЫЕ НОМЕРА
Идентификатор записи (NLR Aleph) 016241710
035 ## - ДРУГИЕ СИСТЕМНЫЕ НОМЕРА
Идентификатор записи (RuMoRGB)011416689
100 ## - ДАННЫЕ ОБЩЕЙ ОБРАБОТКИ
Данные общей обработки 20221219d2022 u y0rusy50 ca
101 0# - ЯЗЫК РЕСУРСА
Язык текста, звукозаписи и т.д. русский
102 ## - СТРАНА ПУБЛИКАЦИИ ИЛИ ПРОИЗВОДСТВА
Страна публикации Российская Федерация
105 ## - ПОЛЕ КОДИРОВАННЫХ ДАННЫХ: ТЕКСТОВЫЕ МАТЕРИАЛЫ, МОНОГРАФИЧЕСКИЕ
Кодированные данные о монографическом текстовом документе y z 010zy
181 #0 - ПОЛЕ КОДИРОВАННЫХ ДАННЫХ: ВИД СОДЕРЖАНИЯ
Код вида содержания (ISBD) i4
Код характеристики содержания (ISBD) axxe
182 #0 - ПОЛЕ КОДИРОВАННЫХ ДАННЫХ: ТИП СРЕДСТВА
Код типа средства (ISBD) n - непосредственное
200 1# - ЗАГЛАВИЕ И СВЕДЕНИЯ ОБ ОТВЕТСТВЕННОСТИ
Основное заглавие Над бездной. ФСБ против МИ-6
Сведения, относящиеся к заглавию (политический детектив, основанный на реальных событиях)
-- [посвящается 100-летнему юбилею образования контрразведывательных органов]
Первые сведения об ответственности Виктор Порядин, Александр Трапезников
203 ## - ВИД СОДЕРЖАНИЯ И ТИП СРЕДСТВА
Вид содержания Текст
Дополнительные сведения об издании визуальный
Тип средства непосредственный
210 ## - ПУБЛИКАЦИЯ, РАСПРОСТРАНЕНИЕ И ДР.
Место издания, распространения и т.д. Москва
Имя издателя, распространителя и т. д. У Никитских ворот
Дата издания, распространения и т.д. 2022
215 ## - ФИЗИЧЕСКАЯ ХАРАКТЕРИСТИКА
Специфическое обозначение материала и объем 356, [3] с.
Размеры 21
300 ## - ОБЩИЕ ПРИМЕЧАНИЯ
Текст примечания На 4-й с. обл. авт.: В. А. Порядин - ген.-майор, канд. юрид. наук, А. А. Трапезников - полк. казачьих войск,
330 ## - РЕЗЮМЕ ИЛИ РЕФЕРАТ
Текст примечания У читателя в руках не очередная "шпионская бондиана", а роман о реальной тайной войне спецслужб, где его персонажи живут рядом с нами. Но он также и о противостоянии экзистенциальных мировоззрений, одно из которых ведет человека вниз, к тьме, к краху всего человечества, а другое - вверх, к духовному просветлению и справедливому мироустройству. И эта нравственная борьба началась не сейчас, она идет с библейских времен и, по сути своей, вечна. Но именно в наши дни мир подошел на шаг к бездне. Вот почему авторы дали своему актуальному как никогда произведению именно такое название. И читатель, закрыв последнюю страницу романа, согласится с этим, если заглянет в себя и сделает свой выбор: на чьей он стороне? Шаг за ним
333 ## - ПРИМЕЧАНИЯ ОБ ОСОБЕННОСТЯХ РАСПРОСТРАНЕНИЯ И ИСПОЛЬЗОВАНИЯ
Текст примечания 16+
675 ## - УНИВЕРСАЛЬНАЯ ДЕСЯТИЧНАЯ КЛАССИФИКАЦИЯ (UDC/УДК)
Индекс 821.161.1-31
Издание 4
686 2# - ИНДЕКСЫ ДРУГИХ КЛАССИФИКАЦИЙ
Индекс Ш6(2=Р)8-446Порядин
686 2# - ИНДЕКСЫ ДРУГИХ КЛАССИФИКАЦИЙ
Индекс Ш6(2=Р)8-446Трапезников
700 #1 - ИМЯ ЛИЦА - ПЕРВИЧНАЯ ОТВЕТСТВЕННОСТЬ
Графика поля Кириллица
Материалы, к которым относится поле rus
Начальный элемент ввода Порядин
Часть имени, кроме начального элемента ввода В. А.
Дополнения к именам, кроме дат канд. юрид. наук, писатель
Даты 1949-
Расширение инициалов личного имени Виктор Алексеевич
Системный номер авторитетной/нормативной записи 263564
Идентификатор авторитетной/нормативной записи RU\NLR\AUTH\770263620
701 #1 - ИМЯ ЛИЦА - АЛЬТЕРНАТИВНАЯ ОТВЕТСТВЕННОСТЬ
Графика поля Кириллица
Материалы, к которым относится поле rus
Начальный элемент ввода Трапезников
Часть имени, кроме начального элемента ввода А. А.
Даты 1953-
Расширение инициалов личного имени Александр Анатольевич
Системный номер авторитетной/нормативной записи 124847
Идентификатор авторитетной/нормативной записи RU\NLR\AUTH\7715189
942 ## - ДОПОЛНИТЕЛЬНЫЕ ЭЛЕМЕНТЫ ЗАПИСИ (АБИС)
Тип экземпляра АБИС Книга
980 ## - КОЛЛЕКЦИЯ
Название коллекции Национальная библиография
Экземпляры
Тип экземпляра Дата поступления Источник поступления Библиотека постоянного хранения Библиотека текущего хранения Место хранения Шифр хранения Штрих-код Статус экземпляра
Книга 19.12.2022 Обязательный экземпляр РНБ (Московский) РНБ (Московский) Русский книжный фонд: издания с 1957 года 2022-3/35920 1-4095261  
Книга 19.12.2022 Обязательный экземпляр РНБ (Московский) РНБ (Московский) Русский книжный фонд: издания с 1957 года 2022-3/35920 1-4095257